000 00734nam a22002297a 4500
003 0
005 20251015144402.0
008 251015b xxu||||| |||| 00| 0 eng d
020 _a978-81-97979-67-5
050 _aBF 698.9.D45
_b.S56 2025
100 _aSingh, Akhilendra Kumar,
_eauthor.
245 _aDifferential and developmental psychology /
_cAkhilendra Kumar Singh.
250 _aFirst edition.
260 _aNew Delhi :
_bVenus Books,
_c2025.
300 _axii, 314 pages ;
_c24 cm.
504 _aIncludes bibliographical references and index.
650 _aDifferential psychology.
650 _aDevelopmental psychology.
650 _aIndividual differences.
650 _aPersonality development.
942 _2lcc
_cBK
999 _c368247
_d368247